PowerPoint 2013 (Registro nro. 7803)

Detalles MARC
000 -LEADER
fixed length control field 00521nmm a22001697a 4500
005 - DATE AND TIME OF LATEST TRANSACTION
control field 20160308110022.0
008 - FIXED-LENGTH DATA ELEMENTS--GENERAL INFORMATION
fixed length control field 160308b xxu||||| |||| 00| | spa d
041 ## - LANGUAGE CODE
Language code of text/sound track or separate title eng
100 ## - AUTOR
Autor Paredes Bruno, Poul Jim Estiwarth
245 ## - TÍTULO
Title PowerPoint 2013
260 ## - PUBLICATION, DISTRIBUTION, ETC. (IMPRINT)
Place of publication Perú
Name of publisher Macro
Year of publication 2013
300 ## - PHYSICAL DESCRIPTION
Number of Pages 1 CD-ROM
650 ## - SUBJECT ADDED ENTRY--TOPICAL TERM
Topical Term POWERPOINT
650 ## - SUBJECT ADDED ENTRY--TOPICAL TERM
Topical Term PRESENTACIONES
650 ## - SUBJECT ADDED ENTRY--TOPICAL TERM
Topical Term DIAGRAMACIÓN
942 ## - ADDED ENTRY ELEMENTS (KOHA)
Koha item type Libro

No hay ítems disponibles.